000 00950cab a22002055a 4500
001 L138224
008 070523e2007 xxk f 000 0 eng d
035 _a(Sirsi) u138224
041 0 _aeng
100 1 _aWilson, Ray
245 0 0 _aSustainability in credit
260 _c2007
490 0 _aPremises and Facilities Management
_vMay 2007, 23-26(3)
520 _aReports the need for the effective management of utilities consumption for large organisations in reducing environmental impact, control operating costs and acting in socially responsible ways. Discusses the concept of sustainability, what sustainability means for business and how businesses can reconcile sustainable practices with the need to maintain their competitive advantage.
590 _aKA
651 4 _aUnited Kingdom
_y
690 _aENVIRONMENTAL AND LAND CONSULTANCY-SUSTAINABILITY-SUSTAINABLE DEVELOPMENT
690 _aMANAGEMENT-FACILITIES MANAGEMENT
942 _n0
999 _c78821
_d78821